Вып. 9; Минувшее; История одной жизни; Записки Т. А. Арцыбушевой (монахини Таисии); Роковое наследие о мистическом опыте Плотина; Из архива А. Г. Достоевской; Письма Николая Бердяева; Из воспоминаний о русских философах; Письма к А. А. Золотареву; Из истории Петербургского Буддийского храма; Андрей Белый и антропософия

Dades bibliogràfiques
Parent link:Минувшее: исторический альманах. Вып. 9.— , 1990-1998.— 5-01-003529-4
Idioma:rus
Publicat: 1992
TOC:Н. Ю. Фиолетова, История одной жизни;
Записки Т. А. Арцыбушевой (монахини Таисии);
Л. И. Шестов, Роковое наследие о мистическом опыте Плотина;
сост. Э. Гарэтто, Из архива А. Г. Достоевской;
сост. В. Аллой, Письма Николая Бердяева;
А. Белый, Из воспоминаний о русских философах;
С. А. Аскольдов, Письма к А. А. Золотареву;
А. И. Андреев, Из истории Петербургского Буддийского храма;
сост. Дж. Мальмстад, Андрей Белый и антропософия;
Matèries:
Format: Llibre
KOHA link:https://koha.lib.tpu.ru/cgi-bin/koha/opac-detail.pl?biblionumber=15971

MARC

LEADER 00000nam2a2200000 4500
001 15971
005 20241126063146.0
010 |a 585042010X 
035 |a (RuTPU)RU\TPU\book\16089 
035 |a BOOK00000777 
090 |a 15971 
100 |a 20011209e1992 km y0rusy50 ca 
101 0 |a rus 
102 |a RU 
105 |a a z 001zd 
200 0 |a Вып. 9 
210 |d 1992 
215 |a 510 с.  |c ил. 
320 |a Библиогр. в примеч. 
320 |a Указ. имен: с. 491-501. 
320 |a Аннотир. указ.: с. 502-503. 
461 1 |0 (RuTPU)RU\TPU\book\34859  |y 5-01-003529-4  |y 5-85042-001-0  |t Минувшее  |o исторический альманах  |v Вып. 9  |d 1990-1998 
464 |t История одной жизни  |f Н. Ю. Фиолетова 
464 |t Записки Т. А. Арцыбушевой (монахини Таисии) 
464 |t Роковое наследие о мистическом опыте Плотина  |f Л. И. Шестов 
464 |t Из архива А. Г. Достоевской  |o письма Д. С. Мережковского и С. Н. Булгакова. Переписка с В. В. Розановым  |f сост. Э. Гарэтто 
464 |t Письма Николая Бердяева  |f сост. В. Аллой 
464 |t Из воспоминаний о русских философах  |f А. Белый 
464 |t Письма к А. А. Золотареву  |f С. А. Аскольдов 
464 |t Из истории Петербургского Буддийского храма  |f А. И. Андреев 
464 |t Андрей Белый и антропософия  |f сост. Дж. Мальмстад  |a Шестов, Лев Исаакович 
600 1 |a Бердяев  |b Н. А.  |c российский религиозный философ  |f 1874-1948  |g Николай Александрович  |2 stltpush  |3 (RuTPU)RU\TPU\pers\1153  |9 523 
600 1 |a Аскольдов  |b С. А.  |c русский философ  |f 1870-1945  |g Сергей Алексеевич  |2 stltpush  |3 (RuTPU)RU\TPU\pers\14280  |9 4709 
600 1 |a Белый  |g Андрей  |b А.  |c русский писатель, поэт  |c символист  |f 1880-1934  |c настоящие имя и фамилия Бугаев Борис Николаевич  |2 stltpush  |3 (RuTPU)RU\TPU\pers\512 
606 |a Россия  |x История  |7 ca  |8 rus  |9 81526 
610 1 |a культура 
610 1 |a СССР 
610 1 |a источники исторические 
610 1 |a архивы исторические 
610 1 |a 20 век 
610 1 |a альманахи 
610 1 |a философия русская религиозная 
610 1 |a религия 
610 1 |a персоналии 
686 |a Т3(2)  |2 rubbk 
801 0 |a RU  |b 63413507  |c 20011209  |g PSBO 
801 2 |a RU  |b 63413507  |c 20120830  |g PSBO 
942 |c BK